Epístolas familiares

Сохранить в:
Библиографические подробности
Главный автор: Guevara, Antonio de (Автор)
Формат:
Язык:испанский
Опубликовано: Zaragoza Ebro 1969
Серии:Biblioteca Clásica Ebro. Clásicos Españoles
Предметы:
Метки: Добавить метку
Нет меток, Требуется 1-ая метка записи!

MARC

LEADER 00000nam a2200000 a 4500
001 UCT6766
003 CL-VaPUC
008 970113e19690000SP |||||||||||||||||spa|d
082 0 4 |a 866  |b GUE  |2 21 
100 |a Guevara, Antonio de  |e author  |9 377005 
245 1 0 |a Epístolas familiares 
300 |a 123 p 
942 |c BK 
945 |d 19970113 00:00:00  |a nastorga 
260 |a Zaragoza  |b Ebro  |c 1969 
650 7 |a CORRESPONDENCIAS  |2 CL-VaPUC  |9 256500 
650 0 |a Vida y obra  |9 311871 
583 |a last modification  |c 19970113 00:00:00  |k Rodrigo Vera 
490 0 |a Biblioteca Clásica Ebro. Clásicos Españoles 
999 |c 255442  |d 255440 
952 |0 0  |1 0  |4 0  |6 866_000000000000000_GUE_1969  |7 0  |8 A  |9 277673  |a BIBEDU  |b BIBEDU  |c ES_NOD  |d 2019-11-19  |i 327151K  |o 866 GUE 1969  |p 327151K  |r 2023-08-09  |w 2019-11-19  |y BK  |k LIT